|
|
|
|
| LEADER |
00683nab a2200205 i 4500 |
| 001 |
misc11400 |
| 005 |
20191106142003.0 |
| 008 |
170607s1940 hu o 0|| hun d |
| 022 |
|
|
|a 0025-0260
|
| 040 |
|
|
|a SZTE Miscellanea Repozitórium
|b hun
|
| 041 |
|
|
|a hun
|
| 100 |
1 |
|
|a Gálos Rezső
|
| 245 |
1 |
0 |
|a Vegyes
|h [elektronikus dokumentum] /
|c Gálos Rezső
|
| 260 |
|
|
|c 1940
|
| 300 |
|
|
|a 418-421
|
| 490 |
0 |
|
|a Magyar pedagógia : a Magyar Tudományos Akadémia Pedagógiai Bizottságának folyóirata
|v 49
|
| 695 |
|
|
|a Pedagógia 1940
|
| 700 |
0 |
1 |
|a Jankovits Miklós
|e aut
|
| 700 |
0 |
1 |
|a Gyulai Ágost
|e aut
|
| 856 |
4 |
0 |
|u http://misc.bibl.u-szeged.hu/11400/1/mp_1940_418-421.pdf
|z Dokumentum-elérés
|